| 000 | 01217nam a2200325 a 4500 | ||
|---|---|---|---|
| 001 | 000114109 | ||
| 003 | CHAP | ||
| 005 | 20220329144427.0 | ||
| 008 | 171103s2017 mx sm |||||||spa d | ||
| 010 | _a110570 | ||
| 011 | _a111542 | ||
| 040 | _cCHAP | ||
| 090 | _aTesis | ||
| 100 | 1 |
_aOrtíz Martínez, Andros Iván _9133964 |
|
| 245 | 1 | 0 |
_aFusarium oxysporum Schl.: patogenicidad en jitomate y control integrado in vitro _h[En línea] _cpor Andros Iván Ortíz Martínez. |
| 260 |
_aCocula Gro. : _bEl autor, _c2017. |
||
| 500 | _aPara ver el contenido del material haga clic en la liga | ||
| 502 | _aTesis (Ing. Agr. Fitotecnista) -- Colegio Superior Agropecuario del Estado de Guerrero | ||
| 590 |
_aE6339RRR _b05 _c20171103 _lUCH01 _h0953 |
||
| 590 |
_aE6339RRR _b05 _c20171103 _lUCH01 _h0953 |
||
| 590 |
_aE6339RRR _b05 _c20171103 _lUCH01 _h0954 |
||
| 650 | 1 | 4 |
_aHongos fitopatógenos _xIdentificación. _9131720 |
| 650 | 1 | 4 |
_aPudrición de la raíz _xTomate. _992857 |
| 650 | 1 | 4 |
_aTomate _xFisiología y morfología. _9113722 |
| 650 | 1 | 4 |
_aTrichoderma como fungicida. _9129638 |
| 856 |
_aFinding aid _uhttp://10.13.5.2/tesis/sist114109.pdf _zTeclea aquí |
||
| 901 | _aBK | ||
| 942 | _cTESIS | ||
| 942 | _n0 | ||
| 999 |
_c110570 _d110570 |
||